000 00512nam a22001812 4500
001 0000004420
005 20170406115818.0
008 140917s xx 000 0 eng d
020 _c$
040 _aYour Holding Symbol
_cYour Holding Symbol
100 1 _aMydans,Shelley.
245 1 0 _aThomas :
_ba novel of the life ,passion and miracles of becket.
250 _a ed.
260 _aLondon :
_bThe reprint,
_c1965.
300 _a414 p. ;
_c cm.
650 0 _aliterature.
908 _a140917
999 _c4249
_d4249